Normal view
MARC view
Entry Uniform Title
001 - CONTROL NUMBER
- control field: 25691
003 - CONTROL NUMBER IDENTIFIER
- control field: dpl
005 - DATE AND TIME OF LATEST TRANSACTION
- control field: 20110128155313.0
008 - FIXED-LENGTH DATA ELEMENTS
- fixed length control field: 110128|||a|||||| | ||| d
040 ## - CATALOGING SOURCE
- Original cataloging agency: dpl
- Transcribing agency: dpl
130 ## - HEADING--UNIFORM TITLE
- Uniform title: Android.
670 ## - SOURCE DATA FOUND
- Source citation: Work cat.: (dpl): 25452 DiMarzio, J. F., Android : , 2010
670 ## - SOURCE DATA FOUND
- Source citation: Work cat.: (dpl): 25452 DiMarzio, J. F., Android : , 2010
